000 00211nam a22000977a 4500
082 _a894.812.3
_bKID/S
100 _aKIDANGOOR, SUDHEER
245 _aMADHYANATHINTE VERUKAL
650 _aMALAYALAM STORY
942 _cBK
999 _c7711
_d7711